Leisure and leisure services in the 21st century toward mid century
Salvato in:
| Autore principale: | |
|---|---|
| Natura: | Libro |
| Lingua: | inglese |
| Pubblicazione: |
State College
Venture Publishing
2006
|
| Soggetti: | |
| Tags: |
Nessun Tag, puoi essere il primo ad aggiungerne!!
|
MARC
| LEADER | 00000nam$a2200000$$$4500 | ||
|---|---|---|---|
| 001 | 0069165 | ||
| 005 | 20240311125600.7 | ||
| 020 | |a 978-1-892132-59-8 | ||
| 020 | |a 1-892132-59-1 | ||
| 041 | 0 | |a eng | |
| 044 | |a US | ||
| 245 | 1 | 0 | |a Leisure and leisure services in the 21st century |b toward mid century |c by Geoffrey Godbey |
| 264 | 1 | |a State College |b Venture Publishing |c 2006 | |
| 300 | |a 273 s. | ||
| 610 | 2 | 0 | |a vývoj spoločenský |
| 610 | 2 | 0 | |a prognózy |
| 610 | 2 | 0 | |a prostredie životné |
| 610 | 2 | 0 | |a zmeny klimatické |
| 610 | 2 | 0 | |a zmeny technologické |
| 610 | 2 | 0 | |a doprava |
| 610 | 2 | 0 | |a kultúra |
| 610 | 2 | 0 | |a smery etické |
| 610 | 2 | 0 | |a štýl životný |
| 610 | 2 | 0 | |a demografia |
| 610 | 2 | 0 | |a politika hospodárska |
| 610 | 2 | 0 | |a zdravie |
| 610 | 2 | 0 | |a práca |
| 610 | 2 | 0 | |a čas voľný |
| 610 | 2 | 0 | |a správa spoločnosti |
| 100 | 1 | |a Godbey, Geoffrey | |